Villes des Alpes-de-Haute-Provence par arrondissement - Statistiques

Statistiques générales
  • Ce quiz a été pris 42 fois
  • Le résultat moyen est 10 sur 20
Statistiques - réponses
Ville Population % Correct
Castellane 1 456
96%
Barcelonnette 2 539
93%
Digne-les-Bains 17 192
93%
Manosque 22 926
93%
Forcalquier 5 118
89%
Sisteron 7 699
67%
Oraison 5 981
63%
Château-Arnoux-Saint-Auban 5 082
48%
Allos 820
33%
Jausiers 1 140
33%
Les Mées 3 884
33%
Villeneuve 4 355
30%
Entrevaux 801
26%
Malijai 2 002
26%
Peyruis 2 804
26%
Saint-André-les-Alpes 1 023
26%
Ubaye-Serre-Ponçon 788
26%
Annot 1 017
22%
Saint-Pons 604
15%
Uvernet-Fours 532
15%
Aucun quiz correspondant
Distribution des résultats
% des personnes avec chaque résultat
Percentile par nombre de réponses
Votre historique - résultats
Vous n’avez pas pris ce quiz